Relationship between non-structural carbonhydrate content of the leaf and growth in maizes grown in short and long light-dark periods

Elmentve itt :
Bibliográfiai részletek
Szerzők: Margóczi Katalin
Maróti Imre
Dokumentumtípus: Cikk
Megjelent: 1986
Sorozat:Acta biologica 32 No. 1-4
Kulcsszavak:Természettudomány
Online Access:http://acta.bibl.u-szeged.hu/22048
LEADER 00727nab a2200193 i 4500
001 acta22048
005 20210526131257.0
008 161015s1986 hu o 0|| eng d
022 |a 0563-0592 
040 |a SZTE Egyetemi Kiadványok Repozitórium  |b hun 
041 |a eng 
100 1 |a Margóczi Katalin 
245 1 0 |a Relationship between non-structural carbonhydrate content of the leaf and growth in maizes grown in short and long light-dark periods  |h [elektronikus dokumentum] /  |c  Margóczi Katalin 
260 |c 1986 
300 |a 27-37 
490 0 |a Acta biologica  |v 32 No. 1-4 
695 |a Természettudomány 
700 0 1 |a Maróti Imre  |e aut 
856 4 0 |u http://acta.bibl.u-szeged.hu/22048/1/biologica_032_027-037.pdf  |z Dokumentum-elérés